Score 0/21 Timer 10:00
0 Plays Today
Hint Answer % Correct
ItPennywise
98.3%
Child's PlayChucky
93.2%
HalloweenMichael Myers
91.5%
Texas Chainsaw MassacreLeatherface
89.8%
HellraiserPinhead
89.8%
SawJigsaw
89.8%
ScreamGhostface
88.1%
Friday The 13thJason Voorhees
86.4%
A Nightmare On Elm StreetFreddy Krueger
84.7%
PsychoNorman Bates
79.7%
Silence Of The LambsHannibal Lecter
78%
Hint Answer % Correct
CandymanCandyman
76.3%
Trick R TreatSam
74.6%
The RingSamara
71.2%
LeprechaunLeprechaun
71.2%
Jeepers CreepersThe Creeper
69.5%
The Evil DeadAsh
57.6%
The ExorcistRegan
57.6%
PhantasmThe Tall Man
47.5%
The ConjuringAnnabelle
44.1%
House Of 1000 CorpsesCaptain Spaulding
37.3%
Remove Ads.
Support Sporcle.
Get the best of Sporcle when you Go Orange. This ad-free experience offers more features, more stats, and more fun while also helping to support Sporcle. Thank you for becoming a member.

You're not logged in!

Compare scores with friends on all Sporcle quizzes.
OR
Log In

Show Comments

Extras

Created Sep 28, 2019ReportNominate
Tags:Horror Movies Quiz

Top Quizzes Today


Score Distribution

Your Account Isn't Verified!

In order to create a playlist on Sporcle, you need to verify the email address you used during registration. Go to your Sporcle Settings to finish the process.

Report this User

Report this user for behavior that violates our Community Guidelines.

Details: